GO '95. 5. Medzinárodný veľtrh cestovného ruchu
Účasť vystavovateľov a prezentácia ponúk cestovných kancelárií na 5. Medzinárodnom veľtrhu cestovného ruchu, ktorý sa konal 12.- 15. januára 1995 v Brne. Porovnanie výsledkov 5. ročníka s výsledkami prvého veľtrhu z r.1991. Výstava turistických možností v regiónoch REGIONTOUR. Štátna propagácia Slov...
Gespeichert in:
| 1. Verfasser: | |
|---|---|
| Format: | Buchkapitel |
| Sprache: | Slowakisch |
| Schlagworte: | |
| Tags: |
Keine Tags, Fügen Sie das erste Tag hinzu!
|
MARC
| LEADER | 00000naa a2200000 4500 | ||
|---|---|---|---|
| 001 | r017663 | ||
| 005 | 20221213101506.3 | ||
| 041 | 0 | |a slo | |
| 044 | |a SK | ||
| 245 | 1 | 0 | |a GO '95. 5. Medzinárodný veľtrh cestovného ruchu |c Z. Danižová |
| 520 | |a Účasť vystavovateľov a prezentácia ponúk cestovných kancelárií na 5. Medzinárodnom veľtrhu cestovného ruchu, ktorý sa konal 12.- 15. januára 1995 v Brne. Porovnanie výsledkov 5. ročníka s výsledkami prvého veľtrhu z r.1991. Výstava turistických možností v regiónoch REGIONTOUR. Štátna propagácia Slovenska prostredníctvom sekcie CR Ministerstva hospodárstva SR. | ||
| 610 | 2 | 0 | |a veľtrhy |
| 610 | 2 | 0 | |a výstavy |
| 610 | 2 | 0 | |a ruch cestovný |
| 610 | 2 | 0 | |a GO '95 |
| 610 | 2 | 0 | |a Brno |
| 610 | 2 | 0 | |a 1995 |
| 610 | 2 | 0 | |a propagácia |
| 610 | 2 | 0 | |a Slovensko |
| 610 | 2 | 0 | |a kancelárie cestovné |
| 100 | 1 | |a Danižová, Zdenka | |